000
00317pam a2200145 a 4500
020
_c
041
_a
eng
082
_a
576.163
_b
FRA
100
_a
Frazier Willfarm .
245
_a
Food Microbiology
_h
Textual Documents
250
_a
2017.
260
_a
New Delhi
_b
McGraw Hill
300
_a
492 pg .
930
_a
9840
999
_c
86745
_d
86745